[Event "Samara Elo 03"]
[Site "Samara"]
[Date "2009.03.??"]
[Round "11"]
[White "Lutsky, Yury Aber"]
[Black "Palachev, Petr"]
[Result "1/2-1/2"]
[WhiteElo "2085"]
[BlackElo "2167"]
[PlyCount "48"]
[EventDate "2009.03.??"]
[EventType "tourn"]
[EventRounds "11"]
[EventCountry "RUS"]
[SourceTitle "EXT 2012"]
[Source "ChessBase"]
[SourceDate "2011.11.24"]
[SourceVersion "1"]
[SourceVersionDate "2011.11.24"]
[SourceQuality "1"]

1. Nf3 d5 2. g3 Nf6 3. Bg2 g6 4. 0-0 Bg7 5. d3 0-0 6. Nc3 Nc6 7. e4 Bg4 8. h3 dxe4 9. hxg4 exf3 10. Bxf3 Qd7 11. g5 Ne8 12. Re1 Nd6 13. Bf4 Nd4 14. Bg2 c6 15. Ne4 e5 16. Nc5 Qf5 17. Be3 b6 18. Ne4 Nxe4 19. dxe4 Qe6 20. c3 Nb5 21. Qb3 Qe7 22. a4 Nc7 23. Bh3 Kh8 24. Qc4 c5 1/2-1/2